Montaigne: la critique et le langage

Guardat en:
Dades bibliogràfiques
Autor principal: Ehrlich, Hélène-Hedy
Format: Llibre
Idioma:Undetermined
Publicat: París, Francia Editions Klincksieck 1972
Matèries:
Etiquetes: Afegir etiqueta
Sense etiquetes, Sigues el primer a etiquetar aquest registre!

MARC

LEADER 00000nam a2200000Ia 4500
008 170316s9999 xx 000 0 und d
040 |a cru BVZT 
090 |a C-840 E-1m 
100 |a Ehrlich, Hélène-Hedy 
245 |a Montaigne: la critique et le langage 
260 |a París, Francia 
260 |b Editions Klincksieck 
260 |c 1972 
300 |a 131 páginas 
650 |a LITERATURA FRANCESA 
650 |a CRÍTICA 
999 |c 12971  |d 12971 
942 |c 15 D  |h C-840 E-1m  |2 z